|
|
|
|
| LEADER |
02140nam a2200541 a 4500 |
| 001 |
nkc20142586344 |
| 003 |
CZ PrNK |
| 005 |
20150224104947.0 |
| 007 |
ta |
| 008 |
140423s2013 xr f 001 0 cze |
| 015 |
|
|
|a cnb002586344
|
| 020 |
|
|
|a 978-80-7494-022-4
|q (brož.)
|
| 035 |
|
|
|a (OCoLC)880869397
|
| 040 |
|
|
|a BOA001
|b cze
|d OLA001
|
| 041 |
0 |
|
|a cze
|b eng
|
| 072 |
|
7 |
|a 811.162.3
|x Čeština
|2 Konspekt
|9 11
|
| 080 |
|
|
|a 811.162.3
|2 MRF
|
| 080 |
|
|
|a 81'367.335
|2 MRF
|
| 080 |
|
|
|a 81'367
|2 MRF
|
| 080 |
|
|
|a 81'37
|2 MRF
|
| 080 |
|
|
|a (048.8)
|2 MRF
|
| 100 |
1 |
|
|a Štěpán, Josef,
|d 1945-
|7 mzk2014818607
|4 aut
|
| 245 |
1 |
0 |
|a Souvětí současné češtiny /
|c Josef Štěpán
|
| 250 |
|
|
|a Vyd. 1.
|
| 260 |
|
|
|a Liberec :
|b Technická univerzita v Liberci,
|c 2013
|
| 300 |
|
|
|a 146 s. ;
|c 21 cm
|
| 500 |
|
|
|a Nad názvem: Technická univerzita v Liberci, Fakulta přírodovědně-humanitní a pedagogická, katedra českého jazyka a literatury
|
| 504 |
|
|
|a Obsahuje bibliografii, bibliografické odkazy a rejstříky
|
| 521 |
8 |
|
|a Pro studenty filologických i učitelských oborů, lingvisty, učitele češtiny a její další profesní uživatele
|
| 546 |
|
|
|a Anglické resumé
|
| 650 |
0 |
7 |
|a čeština
|7 ph135292
|2 czenas
|
| 650 |
0 |
7 |
|a souvětí
|7 ph196653
|2 czenas
|
| 650 |
0 |
7 |
|a syntax
|7 ph117044
|2 czenas
|
| 650 |
0 |
7 |
|a sémantika
|7 ph117272
|2 czenas
|
| 650 |
0 |
9 |
|a Czech language
|2 eczenas
|
| 650 |
0 |
9 |
|a sentence
|2 eczenas
|
| 650 |
0 |
9 |
|a syntax
|2 eczenas
|
| 650 |
0 |
9 |
|a semantics
|2 eczenas
|
| 655 |
|
7 |
|a monografie
|7 fd132842
|2 czenas
|
| 655 |
|
9 |
|a monographs
|2 eczenas
|
| 710 |
2 |
|
|a Technická univerzita v Liberci.
|b Katedra českého jazyka a literatury
|7 kn20010709111
|
| 910 |
2 |
|
|a BOA001
|b 2-1325.683
|
| 990 |
|
|
|a BK
|
| 995 |
|
|
|a 01
|
| 991 |
|
|
|b 201405
|c NOV
|e n
|
| 996 |
6 |
|
|b 2610590444
|c 2-1325.683
|l MZK
|r Sklad / do 1 hodiny
|n 0
|p p.v.
|w 001418254
|u 000010
|a 1
|e BOA001
|j MZK50
|s P
|
| 996 |
6 |
|
|b 2610624082
|c 2-1325.683
|l MZK
|r HSS 4p
|n 0
|p dar
|h 811.162.3 ŠTĚ
|w 001418254
|u 000020
|a 0
|e BOA001
|j MZK50
|s P
|
| 996 |
7 |
|
|b 2610624083
|c 2-1325.683
|l Vol.výběr
|r VV 1p
|n 16
|p dar
|h 811.162.3 ŠTĚ
|w 001418254
|u 000030
|a 0
|e BOA001
|j MZK50
|s A
|